Contrribution towards the study of harvesting technical regulartion for concession-forest management (វិភាគទាននៃការសិក្សាបទបញ្ជាាបច្ទេកទេសអាជីវកម្មដើម្បីគ្រប់គ្រងដីសម្បទាន) (Record no. 3026)

000 -LEADER
fixed length control field 00677nam a22001577a 4500
003 - CONTROL NUMBER IDENTIFIER
control field OSt
005 - DATE AND TIME OF LATEST TRANSACTION
control field 20151103100220.0
008 - FIXED-LENGTH DATA ELEMENTS--GENERAL INFORMATION
fixed length control field 151103b xxu||||| |||| 00| 0 eng d
040 ## - CATALOGING SOURCE
Transcribing agency RUA
082 ## - DEWEY DECIMAL CLASSIFICATION NUMBER
Classification number FOR CHI 1996 B122 Or.1
100 ## - MAIN ENTRY--PERSONAL NAME
9 (RLIN) 3240
Personal name CHIN, DARAVITHIEA.
245 ## - TITLE STATEMENT
Title Contrribution towards the study of harvesting technical regulartion for concession-forest management (វិភាគទាននៃការសិក្សាបទបញ្ជាាបច្ទេកទេសអាជីវកម្មដើម្បីគ្រប់គ្រងដីសម្បទាន)
260 ## - PUBLICATION, DISTRIBUTION, ETC. (IMPRINT)
Place of publication, distribution, etc. Phnom Penh
Name of publisher, distributor, etc. RuA
Date of publication, distribution, etc. 1996
300 ## - PHYSICAL DESCRIPTION
Extent 143p.
Other physical details ill.
Dimensions 29cm.
942 ## - ADDED ENTRY ELEMENTS (KOHA)
Source of classification or shelving scheme
Koha item type FOR
Holdings
Price effective from Date last seen Permanent Location Not for loan Date acquired Source of classification or shelving scheme Koha item type Barcode Lost status Damaged status Shelving location Withdrawn status Current Location Full call number
2015-11-032015-11-03Library Block B 2015-11-03 FORRUA028514  B122 Library Block BFOR CHI 1996 B122 Or.1
2015-11-032015-11-03Library Block B 2015-11-03 FORRUA028730  B122 Library Block BFOR CHI 1996 B122 Or.1
មជ្ឈមណ្ឌលឯការនៃសាកលវិទ្យាល័យភូមិន្ទកសិកម្មចំការដូង

Powered by Koha